| 000 -NÁVESTIE |
| fixed length control field |
00841nam a2200217 a 4500 |
| 008 - ÚDAJE S PEVNOU DĹŽKOU – VŠEOBECNÉ INFORMÁCIE |
| fixed length control field |
951031s1992||||xo 0 slo c |
| 020 ## - MEDZINÁRODNÉ ŠTANDARDNÉ ČÍSLO KNIHY (ISBN) |
| Medzinárodné štandardné číslo knihy (ISBN) |
8085456222 |
| Údaje o dostupnosti |
10 |
| 040 ## - ZDROJ KATALOGIZÁCIE |
| Pôvodná katalogizujúca agentúra |
SNK |
| Jazyk katalogizácie |
slo |
| Prepisujúca agentúra |
SNK |
| Konvencie popisu |
AACR2 |
| 041 1# - KÓD JAZYKA |
| Kód jazyka textu/zvukovej stopy alebo samostatných nápisov |
slo |
| 044 ## - KÓD KRAJINY VYDAVATEĽA/PRODUCENTA |
| Kód krajiny MARC |
xo |
| Kód krajiny ISO |
SK |
| 080 ## - ČÍSLO MEDZINÁRODNÉHO DESATINNÉHO TRIEDENIA (MDT) |
| Číslo Medzinárodného desatinného triedenia (MDT) |
372.880.854(076.5) |
| 100 1# - OSOBNÉ MENÁ – VŠEOBECNÉ INFORMÁCIE |
| Osobné meno |
Péteryová, Oľga |
| Kód roly |
aut |
| 245 10 - NÁZOV |
| Názov |
Zbierka úloh zo slovenského jazyka na prijímacie skúšky na stredné školy |
| Zvyšok názvu |
Testy a diktáty. Zhrnutie učiva. Úlohy a cvičenia. Riešenie a výsledky úloh |
| Údaj o zodpovednosti atď. |
Oľga Péteryová, Viera Rezníčková, Ľubica Skokanová ; Obál. navrhol Pavol Tarábek ml. |
| 250 ## - ÚDAJ O PORADÍ VYDANIA |
| Údaj o poradí vydania |
2. opr. vyd. |
| 260 ## - VYDAVATEĽSKÉ ÚDAJE, DISTRIBÚCIA ATĎ. |
| Miesto publikovania, distribúcie atď. |
Bratislava |
| Názov vydavateľa, distibútora atď. |
DIDAKTIS |
| Dátum publikovania, distribúcie atď. |
1992 |
| 300 ## - FYZICKÝ POPIS |
| Rozsah |
144 s. |
| Ďalšie fyzické detaily |
Lit. 24 zázn. v slov. |
| Rozmery |
23 cm |
| 700 1# - PRIDANÝ VSTUP – OSOBNÉ MENO |
| Osobné meno |
Rezníčková, Viera |
| Kód roly |
aut |
| 700 1# - PRIDANÝ VSTUP – OSOBNÉ MENO |
| Osobné meno |
Skokanová, Ľubica |
| Kód roly |
aut |
| 700 1# - PRIDANÝ VSTUP – OSOBNÉ MENO |
| Osobné meno |
Tarábek, Pavol |
| Tituly a iné slová súvisiace s menom |
ml. |
| Kód roly |
bjd |
| 958 ## - Formálny deskriptor |
| Formálny deskriptor |
AUC |